LEADER 01386nam a2200253 4500 001 000000336124 003 CaOOAMICUS 005 20190822124015.0 008 190822s1797 it 000 u ita r 026 $ao-to r-n- nia- Unre (3) 1797 (R) 040 $aSeMil$bita 100 11$aMarchetti, Giovanni,$c.$0(OLS)http://semarc/name/12331 245 00$aChe importa ai preti ovvero L'interesse della religione cristiana nei grandi avvenimenti di questi tempi riflessioni politico-morali di un amico di tutti dirette ad un amico solo da G. M. D. E. 250 $aEdizione terza riccorretta 264 1$aCristianopoli [i.e. Roma] :$b[s.n.],$c1797. 300 $a192 p. ;$c8° 500 $aSegn.: A-M8 500 $aPer il luogo di stampa, cfr. M. Parenti, Dizionario dei luoghi di stampa falsi p. 73 500 $aDi Giovanni Marchetti, cfr. G. Melzi, Dizionario di opere anonime e pseudonime 850 $aSeMil 852 $aSeMil$W1$xVenegono$y1$m3X III 90 FA$j215440$B227948$CSeMilBibl$Z2$F227948 $8I 996 $6245$aChe importa ai preti ovvero L'interesse della religione cristiana nei grandi avvenimenti di questi tempi riflessioni politico-morali di un amico di tutti dirette ad un amico solo da G. M. D. E.$9(OLS)http://semarc/title/425411 996 $6264$aCristianopoli [i.e. Roma] :$b[s.n.]$9(OLS)http://semarc/publisher/58498 LEADER 01170nam a2200277 i 4500 001 000000240216 003 CaOOAMICUS 005 20150325000000.0 008 150325n it u000 u ita u 013 $a219121 040 $aSeMil$bita 100 1 $aMisani, Attilio,$d<1886-1968>.$0(OLS)http://semarc/name/22912 245 10$aEducazione di collegio :$besperienze, constatazioni, rilievi /$cAttilio Misani. 260 $aMilano [etc.] :$bÀncora,$cc 1945. 300 $a158 p. ;$c17 cm. 490 0 $aI quaderni dell'educazione cristiana ;$v5 500 $aFondo card. Giovanni Colombo. 650 4$aEducazione - Studi.$0(OLS)http://semarc/subject/1420 650 4$aGiovani.$0(OLS)http://semarc/subject/6300 830 2$aI quaderni dell'educazione cristiana ;$v5.$0(OLS)http://semarc/title/41028 850 $aSeMil 852 $aSeMil$W1$xVenegono$y1$m3GC VI 266$j190562$B190562$CSeMilBibl$Z2$F202554 $8B 941 1 $a3 961 $aLascito: Colombo Card. Giovanni 996 $6245$aEducazione di collegio :$besperienze, constatazioni, rilievi$9(OLS)http://semarc/title/341775 996 $6260$aMilano [etc.] :$bÀncora$9(OLS)http://semarc/publisher/32331